| 000 | 00000nam##2200000za#4500 |
| 001 | 9.590569 |
| 003 | CaOODSP |
| 005 | 20210624200205 |
| 007 | cr ||||||||||| |
| 008 | 150406|1997||||xxc|||||o f|0| 0 eng|d |
| 040 | |aCaOODSP|beng |
| 041 | |aeng |
| 041 | |afre |
| 043 | |an-cn--- |
| 086 | 1 |aS52-2/236-1997-PDF |
| 110 | 1 |aCanada. |bPublic Works and Government Services Canada. |bTranslation Bureau. |
| 245 | 10|aTerminology used by Parks Canada / |h[electronic resource]|c[by] Sylvie Bouchard et Hélène Gélinas-Surprenant in co-operation with the Toponymy and Terminology Committee, Parks Canada. |
| 260 | |aOttawa - Ontario : |bPublic Works and Government Services Canada. |cc1997. |
| 300 | |a473p. |
| 490 | 1 |aTerminology bulletin|vNo. 236 |
| 500 | |aDigitized edition from print. [Produced by Publishing and Depository Services, 2014.] Issued by Terminology and Standardization Directorate. Translation Bureau. |
| 504 | |aBibliography. |
| 590 | |a14-22-Supp|b2014-12-24 |
| 720 | 1 |aBouchard, Sylvie |
| 720 | 1 |aGélinas-Surprenant, Hélène |
| 776 | 0#|tTerminologie en usage à Parcs Canada / |w(CaOODSP)9.528575 |
| 792 | |tTerminologie en usage à Parcs Canada / |efre|w(CaOODSP)9.590570 |
| 830 | #0|aTerminology bulletin ;|vNo. 236|w(CaOODSP)9.500139 |
| 856 | 40|ahttp://publications.gc.ca|qPDF|s4064 KB|uhttps://publications.gc.ca/collections/collection_2014/tpsgc-pwgsc/S52-2-236-1997.pdf|yNo. 236 |